[Event "It (open)"]
[Site "masterchessopen.com – Liberec (Czech Republic)"]
[Date "2009.10.24"]
[Round "1"]
[White "Milfort Vaclav (CZE)"]
[Black "Tesar Jan (CZE)"]
[Result "0-1"]
[WhiteElo "1724"]
[BlackElo "2136"]

1.d4 d5 2.Nf3 Nf6 3.c4 dxc4 4.Qa4+ Nc6 5.Qxc4 Nd5 6.e3 Bf5 7.Nc3 Nb6 8.Qe2 e6
9.a3 Be7 10.b4 a6 11.Nh4 Bxh4 12.g3 Be7 13.Bg2 O-O 14.O-O Nd5 15.Bb2 Bg6 16.h4
f6 17.h5 Bf7 18.Ne4 f5 19.Nd2 Nf6 20.Bf3 Qe8 21.g4 fxg4 22.Bxg4 Bxh5 23.Bxe6+
Kh8 24.f3 Bd6 25.Bb3 Qg6+ 26.Kh1 Qh6 27.Kg1 Rae8 28.e4 Bf4 29.Nc4 Nxe4 30.fxe4
Bxe2 {#R} 0-1

[Event "It (open)"]
[Site "masterchessopen.com – Cesky Krumlov (Czech Republic)"]
[Date "2009.11.16"]
[Round "3"]
[White "Loktiev Ivan (RUS)"]
[Black "Cilia Vincenti David (MLT)"]
[Result "1-0"]
[WhiteElo "2290"]
[BlackElo "2092"]

1.Nf3 d5 2.d4 Nf6 3.c4 dxc4 4.Qa4+ Nc6 5.e3 Nd5 6.Qxc4 Nb6 7.Qc2 Be6 8.Qd1 a6
9.Nbd2 Bg4 10.Be2 e6 11.O-O Be7 12.Nb3 O-O 13.Bd2 Qc8 14.Rc1 Na4 15.Na5 Nb6
16.Nxc6 bxc6 17.Rxc6 Qb7 18.Rc1 Nd5 19.b4 Bf5 20.a3 a5 21.bxa5 Bxa3 22.Rc4 Bb4
23.Bxb4 Nxb4 24.Qb3 Rfb8 25.Rc5 Be4 26.Rb5 {#r} 1-0

[Event "It (open)"]
[Site "masterchessopen.com – Nantes (France)"]
[Round "9"]
[White "Flachet Thierry (FRA)"]
[Black "Caillot Arnaud (FRA)"]
[Result "1-0"]
[WhiteElo "2112"]
[BlackElo "1698"]

1.Nf3 d5 2.d4 Nf6 3.c4 dxc4 4.Qa4+ Nbd7 5.Nc3 e6 6.e4 a6 7.Bxc4 c6 8.Qc2 Be7
9.O-O b5 10.Bd3 h6 11.Qe2 Bb7 12.Bf4 c5 13.d5 exd5 14.exd5 Nxd5 15.Nxd5 Bxd5
16.Bd6 Kf8 17.Bg3 Bf6 18.Rad1 g6 19.Bxg6 Bxf3 20.Qxf3 fxg6 21.Rxd7 Qxd7
22.Qxf6+ Kg8 23.Qxg6+ Qg7 24.Qxg7+ Kxg7 25.Be5+ Kh7 26.Bxh8 Rxh8 27.Rd1 Ra8
28.Kf1 c4 29.Rd6 {#r} 1-0

[Event "It (open)"]
[Site "masterchessopen.com – Gora Sw. Anny (Poland)"]
[Date "2010.02.08"]
[Round "1"]
[White "Stachowiak Kamil (POL)"]
[Black "Rozycki Bartlomiej (POL)"]
[Result "1-0"]
[WhiteElo "2398"]
[BlackElo "1762"]

1.d4 d5 2.Nf3 Nf6 3.c4 dxc4 4.Qa4+ Nbd7 5.Nc3 e6 6.e4 c6 7.Qxc4 Nb6 8.Qb3 c5
9.Bf4 cxd4 10.Rd1 Bd7 11.Nxd4 Bc5 12.Be2 O-O 13.O-O Qe7 14.Bg5 e5 15.Nf5 Qe6
16.Qc2 Rac8 17.Qb1 Nxe4 18.Nxe4 Qxf5 19.Nxc5 Rxc5 20.Be7 Qxb1 21.Rxb1 Rc2
22.Bd3 Rd2 23.Bxh7+ Kxh7 24.Bxf8 Bf5 25.Rfd1 Bxb1 26.Rxd2 Bxa2 27.Bc5 Nc4
28.Rd7 b6 29.Rxa7 {#r} 1-0

[Event "It (open)"]
[Site "masterchessopen.com – Voronezh (Russia)"]
[Date "2010.06.13"]
[Round "2"]
[White "Elizarov Dmitry (RUS)"]
[Black "Schepetkova Margarita (RUS)"]
[Result "1-0"]
[WhiteElo "2357"]
[BlackElo "2161"]

1.d4 d5 2.c4 dxc4 3.Nf3 Nf6 4.Qa4+ Nc6 5.g3 Nd7 6.Qxc4 Nb6 7.Qd3 e5 8.dxe5
Qxd3 9.exd3 Bg4 10.Be2 Bxf3 11.Bxf3 Nb4 12.Na3 Nxd3+ 13.Ke2 Nxc1+ 14.Raxc1
Bxa3 15.bxa3 O-O-O 16.Bg4+ Kb8 17.f4 Rd4 18.Rhd1 Rhd8 19.Rxd4 Rxd4 20.Ke3 Rd5
21.Bh5 g6 22.Bd1 Rd7 23.Bb3 c6 24.Rd1 Rxd1 25.Bxd1 f6 26.exf6 Nd5+ 27.Kd4 Nxf6
28.Ke5 Nd5 29.Bf3 Ne3 30.Kf6 Nf1 31.Kg7 Nxh2 32.Be2 {#r} 1-0

[Event "It (open)"]
[Site "masterchessopen.com – Teplice (Czech Republic)"]
[Date "2010.06.19"]
[Round "8"]
[White "Horyna Josef (CZE)"]
[Black "Krehla Milan (CZE)"]
[Result "1-0"]
[WhiteElo "1924"]
[BlackElo "1781"]

1.d4 d5 2.Nf3 Nf6 3.c4 dxc4 4.Qa4+ c6 5.Qxc4 Be6 6.Qc2 Bd5 7.e3 e6 8.Nc3 Bb4
9.Bd3 Nbd7 10.e4 Nxe4 11.Bxe4 Bxe4 12.Qxe4 Nf6 13.Qc2 Qd5 14.O-O Qh5 15.a3 Bd6
16.Ne4 Bc7 17.Ng3 Bxg3 18.fxg3 Qg4 19.Bf4 h6 20.h3 Qh5 21.g4 Qd5 22.Rae1 Nd7
23.Qf2 O-O-O 24.Ne5 g5 25.Bh2 Rhf8 26.Kh1 f6 27.Nxd7 Rxd7 28.Qg3 Kd8 29.Qb8+
Ke7 30.Qxa7 Kf7 31.Qc5 Qb3 32.Rxf6+ {#r} 1-0

[Event "It (open) (b)"]
[Site "masterchessopen.com – Dortmund (Germany)"]
[Date "2010.07.21"]
[Round "5"]
[White "Krueger Georg (GER)"]
[Black "Grunwald Guenther (GER)"]
[Result "1-0"]
[WhiteElo "1777"]
[BlackElo "1710"]

1.Nf3 d5 2.d4 Nf6 3.c4 dxc4 4.Qa4+ c6 5.Qxc4 e6 6.g3 Nbd7 7.Bg2 Nb6 8.Qc2 Bb4+
9.Nc3 Nbd5 10.O-O Be7 11.a3 Nxc3 12.bxc3 h6 13.Rb1 O-O 14.Rd1 Qa5 15.c4 Qd8
16.c5 Nh7 17.Ne5 Qe8 18.a4 Bf6 19.h4 Bxe5 20.dxe5 f5 21.Bf3 g5 22.Kh2 g4
23.Bg2 h5 24.Rd6 Rf7 25.Qd2 Rd7 26.Bb2 Kg7 27.Rd1 Nf8 28.Bc1 Kg8 29.Qg5+ Qg6
30.Qxg6+ {#r} 1-0

[Event "It (open) \"]
[Site "masterchessopen.com – Copenhagen (Denmark)"]
[Date "2010.08.07"]
[Round "9"]
[White "Veelenturf Wim (NED)"]
[Black "Oxener Aldo (NED)"]
[Result "1-0"]
[WhiteElo "1697"]
[BlackElo "1465"]

1.Nf3 Nf6 2.d4 d5 3.c4 dxc4 4.Qa4+ Nc6 5.Qxc4 Bf5 6.e3 e6 7.Bd2 Be7 8.Be2 O-O
9.O-O Qd7 10.a3 a6 11.b4 Rad8 12.Bc1 Ne4 13.Bb2 Nd6 14.Qc1 Bf6 15.Rd1 Be4
16.Nbd2 Bd5 17.Ne5 Nxe5 18.dxe5 Be7 19.exd6 Bxd6 20.Bc4 Qe7 21.Nf1 Qh4 22.Rd4
Qh5 23.Qd1 Qg6 24.Rg4 Qh6 25.Rxg7+ Qxg7 26.Bxg7 Kxg7 27.Qd4+ {#r} 1-0

[Event "Cup Independence (open)"]
[Site "masterchessopen.com – Kiev (Ukraine)"]
[Date "2010.08.12"]
[Round "1"]
[White "Burdalev Kirill (UKR)"]
[Black "Kolba Anastasiya (UKR)"]
[Result "0-1"]
[WhiteElo "2274"]
[BlackElo "1988"]

1.d4 d5 2.Nf3 Nf6 3.c4 dxc4 4.Qa4+ Nbd7 5.Nc3 a6 6.e4 e6 7.Bxc4 Rb8 8.Qc2 b5
9.Bd3 c5 10.e5 cxd4 11.Nxb5 axb5 12.exf6 Bb4+ 13.Bd2 Bxd2+ 14.Qxd2 Qxf6 15.Qb4
e5 16.Bxb5 Ba6 17.Bxd7+ Kxd7 18.Qa5 Rhe8 19.Rc1 Qb6 20.Qd5+ Qd6 21.Qxf7+ Re7
22.Qf5+ Ke8 23.b3 e4 24.Ng5 Qb4+ 25.Kd1 e3 26.Ne4 e2+ 27.Kc2 d3+ 28.Kb2 Qxe4
29.Qa5 Qe5+ 30.Qxe5 Rxe5 {#R} 0-1

[Event "Cup Independence (open)"]
[Site "masterchessopen.com – Kiev (Ukraine)"]
[Date "2010.08.13"]
[Round "2"]
[White "Brozhik Vasilij (UKR)"]
[Black "Shankovsky Andriy (UKR)"]
[Result "0-1"]
[WhiteElo "2065"]
[BlackElo "2311"]

1.d4 d5 2.c4 dxc4 3.Nf3 Nf6 4.Qa4+ Nbd7 5.Qxc4 a6 6.Bf4 c6 7.Nc3 Nb6 8.Qb3 Bf5
9.e3 h6 10.Be2 e6 11.O-O {#R} 0-1

[Event "Cup Hope (open)"]
[Site "masterchessopen.com – Nizhnij Novgorod (Russia)"]
[Date "2010.08.15"]
[Round "5"]
[White "Valitov Eldar (RUS)"]
[Black "Lugovoy Dmitry (RUS)"]
[Result "0-1"]
[WhiteElo "1729"]
[BlackElo "2097"]

1.d4 d5 2.Nf3 Nf6 3.c4 dxc4 4.Qa4+ Nc6 5.Qxc4 Bg4 6.Ne5 Be6 7.Nxc6 Bxc4 8.Nxd8
Rxd8 9.b3 Ba6 10.Bb2 e6 11.a3 c5 12.dxc5 Bxc5 13.g3 O-O 14.Bg2 Ng4 15.e3 Rd3
16.Nc3 Nxf2 17.Kxf2 Bxe3+ 18.Ke1 Bd2+ 19.Kf2 Bxc3 20.Bxc3 Rxc3 21.b4 Rc2+
22.Kg1 Rd8 23.h3 Rdd2 {#R} 0-1

[Event "Oberliga East B 2010/11"]
[Site "masterchessopen.com – Germany"]
[Date "2011.04.09"]
[Round "10"]
[White "Henrich Thomas (GER)"]
[Black "Falk Thomas (GER)"]
[Result "1-0"]
[WhiteElo "2222"]
[BlackElo "2116"]

1.d4 d5 2.c4 dxc4 3.Nf3 Nf6 4.Qa4+ Nbd7 5.Nc3 e6 6.e4 c6 7.Qxc4 Be7 8.Bg5 O-O
9.Rd1 Ne8 10.h4 Bxg5 11.hxg5 Qe7 12.e5 Nc7 13.Bd3 g6 14.Ne4 Nd5 15.a3 Kg7
16.Rh4 Rh8 17.Ke2 Nf8 18.Rdh1 Bd7 19.Nf6 Rc8 20.Nd2 c5 21.Nde4 cxd4 22.Qxd4
Bc6 23.Nd6 Rd8 24.R4h2 Rxd6 25.exd6 {#r} 1-0

[Event "Ch Romania (juniors) (under 18) (g)"]
[Site "masterchessopen.com – Caciulata (Romania)"]
[Date "2011.04.14"]
[Round "6"]
[White "Foisor Mihaela-Veronica (ROM)"]
[Black "Vasilescu Maria"]
[Result "0-1"]
[WhiteElo "2201"]
[BlackElo "1774"]

1.d4 d5 2.c4 dxc4 3.Nf3 Nf6 4.Qa4+ Nbd7 5.Nc3 a6 6.e4 e6 7.Bxc4 c5 8.e5 cxd4
9.Nxd4 Ng4 10.Bxe6 Nxe5 11.Bf5 Bc5 12.O-O O-O 13.Nb3 Ba7 14.Qe4 h6 15.Bf4 Re8
16.Rad1 Ng6 17.Qc4 Qf6 18.Bxd7 Bxd7 19.Rxd7 Nxf4 20.Rxb7 Rac8 21.Rc7 Rxc7
22.Qxc7 Bxf2+ 23.Kh1 Qh4 24.Qd7 Re1 25.Rxe1 Bxe1 26.Qe8+ Kh7 27.Qe4+ g6 28.Nd4
Qf2 29.Nde2 Qf1+ 30.Ng1 Bf2 31.Ne2 Nxe2 {#R} 0-1

[Event "Memorial Branko Vukmanovic (open)"]
[Site "masterchessopen.com – Tivat (Montenegro)"]
[Date "2011.04.17"]
[Round "2"]
[White "Blagojevic Dragisa (MNE)"]
[Black "Mazi Leon (SLO)"]
[Result "1-0"]
[WhiteElo "2514"]
[BlackElo "2352"]

1.d4 d5 2.c4 dxc4 3.Nf3 Nf6 4.Qa4+ Nbd7 5.Nc3 e6 6.e4 Be7 7.Bxc4 O-O 8.Qc2 c5
9.e5 Ne8 10.dxc5 Nxc5 11.O-O b6 12.Rd1 Qc7 13.Nb5 Qb8 14.Bg5 Bxg5 15.Nxg5 g6
16.Nd6 Nxd6 17.exd6 Bd7 18.Qd2 Qb7 19.b4 Ne4 20.Nxe4 Qxe4 21.Ba6 Rfd8 22.Re1
Qd5 23.Qxd5 exd5 24.Bb7 Rab8 25.Bxd5 Be8 26.Rad1 Rbc8 27.Rxe8+ {#r} 1-0

[Event "It (open) (b)"]
[Site "masterchessopen.com – Krakow (Poland)"]
[Date "2011.08.09"]
[Round "5"]
[White "Hasinski Krystian (POL)"]
[Black "Turlej Lukasz (POL)"]
[Result "0-1"]
[WhiteElo "1978"]
[BlackElo "2144"]

1.d4 d5 2.Nf3 Nf6 3.c4 dxc4 4.Qa4+ Nbd7 5.Qxc4 e6 6.Nc3 a6 7.a4 Bd6 8.b4 O-O
9.g3 e5 10.a5 exd4 11.Qxd4 Qe7 12.Rb1 Ne5 13.Nxe5 Bxe5 14.Qe3 Bxc3+ 15.Qxc3
Qe4 16.Qd3 Qxh1 17.Bb2 Bh3 {#R} 0-1

[Event "It (open) \"]
[Site "masterchessopen.com – Berlin (Germany)"]
[Date "2011.08.21"]
[Round "9"]
[White "Bullig Reinhard (GER)"]
[Black "Stiemerling Karl-Heinz (GER)"]
[Result "1-0"]
[WhiteElo "1732"]
[BlackElo "1650"]

1.d4 d5 2.Nf3 Nf6 3.c4 dxc4 4.Qa4+ c6 5.Qxc4 Be6 6.Qc2 g6 7.e4 Bg7 8.h3 Nbd7
9.Ng5 Nf8 10.Be3 h6 11.Nxe6 Nxe6 12.Nc3 O-O 13.Rd1 Qa5 14.Bc4 Ng5 15.O-O e6
16.f4 Ngh7 17.g4 g5 18.e5 Nd5 19.Nxd5 cxd5 20.Bd3 f5 21.gxf5 Rfc8 22.Qg2 Qd8
23.f6 Nxf6 24.exf6 Bxf6 25.h4 Rc7 26.h5 Rac8 27.Qg4 Kh8 28.Bg6 Qd6 29.fxg5
hxg5 30.Rxf6 {#r} 1-0

[Event "Memorial Kesarovski-Stanchev (open)"]
[Site "masterchessopen.com – Sunny Beach (Bulgaria)"]
[Date "2011.09.02"]
[Round "7"]
[White "Zmijanac Dusko (SRB)"]
[Black "Ivanova Simoneta (BUL)"]
[Result "1-0"]
[WhiteElo "2179"]
[BlackElo "1914"]

1.d4 d5 2.c4 dxc4 3.Nf3 Nf6 4.Qa4+ Nc6 5.Nc3 e6 6.e4 Bd7 7.Qxc4 Bb4 8.Bd3 O-O
9.O-O Be7 10.a3 Na5 11.Qa2 c5 12.dxc5 e5 13.b4 Be6 14.Qc2 Nb3 15.Rb1 Nxc1
16.Rbxc1 Nd7 17.Rfd1 a5 18.Bb5 Qc7 19.Nd5 Bxd5 20.exd5 Bf6 21.Qf5 Rfd8 22.Ng5
Bxg5 23.Qxg5 axb4 24.axb4 Ra2 25.d6 Qb8 26.Bxd7 Rxd7 27.Qxe5 Qd8 28.Re1 Ra8
29.g3 {#r} 1-0

[Event "It (open)"]
[Site "masterchessopen.com – Amantea (Italy)"]
[Date "2011.09.04"]
[Round "1"]
[White "Spirin Oleg (RUS)"]
[Black "Lombardi Mariano"]
[Result "1-0"]
[WhiteElo "2493"]
[BlackElo "2061"]

1.d4 d5 2.Nf3 Nf6 3.c4 dxc4 4.Qa4+ Bd7 5.Qxc4 Bc6 6.Nc3 e6 7.Ne5 Be7 8.e3 O-O
9.Qb3 Qc8 10.Nxc6 Nxc6 11.Be2 Nb8 12.Bf3 c6 13.O-O Nbd7 14.Bd2 Rd8 15.Rfd1 Nf8
16.g3 Ng6 17.Bg2 h5 18.Rac1 h4 19.Bh3 Nh7 20.f4 hxg3 21.hxg3 Qd7 22.Be1 Nhf8
23.Bf2 Bd6 24.Ne4 Bb8 25.Nc5 {#r} 1-0

[Event "It \"]
[Site "masterchessopen.com – Neustadt a.d. Weinstrasse (Germany)"]
[Date "2012.02.23"]
[Round "9"]
[White "Haselhorst Helmut (GER)"]
[Black "Scholz Robert (GER)"]
[Result "1-0"]
[WhiteElo "2119"]
[BlackElo "1776"]

1.d4 d5 2.Nf3 Nf6 3.c4 dxc4 4.Qa4+ c6 5.Qxc4 Bf5 6.Nc3 e6 7.g3 Be7 8.Bg2 Nbd7
9.O-O h6 10.e3 O-O 11.b3 Qc7 12.Bb2 Rfd8 13.Rfd1 Rac8 14.Rac1 a6 15.Qe2 Qb6
16.h3 Bh7 17.Nd2 c5 18.Nc4 Qa7 19.Na5 Rc7 20.Qf3 cxd4 21.exd4 Rb8 22.d5 exd5
23.Nxd5 Rxc1 24.Nxe7+ Kf8 25.Rxc1 Kxe7 26.Ba3+ Kd8 27.Nxb7+ Rxb7 28.Qxb7 Qxb7
29.Bxb7 Ne5 30.f4 Ng6 31.Bxa6 {#r} 1-0

[Event "Memorial F.Dziedzic (active)"]
[Site "masterchessopen.com – Trzcianka (Poland)"]
[Date "2012.03.04"]
[Round "2"]
[White "Krasenkow Michal (POL)"]
[Black "Czachor Radoslaw (POL)"]
[Result "1-0"]
[WhiteElo "2607"]
[BlackElo "2089"]

1.d4 d5 2.Nf3 Nf6 3.c4 dxc4 4.Qa4+ Nbd7 5.Nc3 e6 6.e4 Be7 7.Bxc4 O-O 8.Qc2 Nb6
9.Bd3 g6 10.Bh6 Re8 11.O-O-O a5 12.h4 c6 13.h5 Nxh5 14.e5 Ng7 15.g4 Nd7 16.Ne4
f5 17.exf6 Nxf6 18.Nxf6+ Bxf6 19.g5 Be7 20.Bxg6 hxg6 21.Qxg6 {#r} 1-0

[Event "It (open)"]
[Site "masterchessopen.com – Reykjavik (Iceland)"]
[Date "2012.03.11"]
[Round "7"]
[White "Papin Vasily (RUS)"]
[Black "Thorhallsson Throstur (ISL)"]
[Result "1-0"]
[WhiteElo "2570"]
[BlackElo "2400"]

1.d4 d5 2.Nf3 Nf6 3.c4 dxc4 4.Qa4+ Nbd7 5.Nc3 a6 6.e4 e6 7.Bxc4 Rb8 8.Qc2 b5
9.Bd3 Bb7 10.Bf4 Rc8 11.d5 exd5 12.O-O-O Be7 13.Nxd5 Bd6 14.Bg5 h6 15.Bxf6
Nxf6 16.Nxf6+ Qxf6 17.e5 Qf4+ 18.Kb1 Be7 19.Bxb5+ axb5 20.Rd4 Qxd4 21.Nxd4 O-O
22.Nc6 Rfe8 23.f4 Bf8 24.Rd1 Ra8 25.Rd7 Ra4 26.Rxc7 Rxf4 27.Qc1 Rc4 28.Qf1 f6
29.exf6 gxf6 30.Rxb7 Rxc6 31.Rxb5 Rce6 {#r} 1-0

[Event "Ch Russia (Higher League)"]
[Site "masterchessopen.com – Tiumen (Russia)"]
[Date "2012.06.23"]
[Round "7"]
[White "Ovetchkin Roman (RUS)"]
[Black "Makhmutov Rail (RUS)"]
[Result "1-0"]
[WhiteElo "2501"]
[BlackElo "2363"]

1.d4 d5 2.c4 dxc4 3.Nf3 Nf6 4.Qa4+ Nc6 5.Qxc4 Nd5 6.e4 Nb6 7.Qd3 Bg4 8.d5 Bxf3
9.dxc6 Qxd3 10.Bxd3 O-O-O 11.gxf3 Rxd3 12.Ke2 Rd8 13.cxb7+ Kxb7 14.Be3 Nc4
15.Na3 Nxe3 16.fxe3 e6 17.Nc4 f5 18.Rac1 fxe4 19.fxe4 Bd6 20.Na5+ Kb6 21.Nc6
Rd7 22.Rhd1 Rf7 23.Rd3 Kb7 24.e5 Be7 25.Rd7 {#r} 1-0

[Event "It (open) \"]
[Site "masterchessopen.com – Jyvaskyla (Finland)"]
[Date "2012.07.11"]
[Round "4"]
[White "Pohjala Henri (FIN)"]
[Black "Kiik Kalle (EST)"]
[Result "0-1"]
[WhiteElo "2279"]
[BlackElo "2395"]

1.d4 d5 2.Nf3 Nf6 3.c4 dxc4 4.Qa4+ Nc6 5.e3 Nd5 6.Qxc4 e5 7.a3 Nb6 8.Qc2 exd4
9.Bb5 Qd5 10.Qe2 d3 11.Qxd3 Qxd3 12.Bxd3 Be7 13.Bd2 Be6 14.Nc3 O-O-O 15.Be4
Nc4 16.O-O-O N6a5 17.Kc2 f5 18.Nd4 Rxd4 19.Bxb7+ Kxb7 20.exd4 Nxd2 21.Rxd2
Bb3+ 22.Kb1 Bg5 23.Re2 Nc4 24.h4 Bf6 25.Rc1 Rd8 {#R} 0-1

[Event "It (open)"]
[Site "masterchessopen.com – Girona (Spain)"]
[Date "2012.07.24"]
[Round "9"]
[White "Gonzalez Vericat Sergio (ESP)"]
[Black "Pruja Ramirez De C Eduardo (ESP)"]
[Result "1-0"]
[WhiteElo "2213"]
[BlackElo "1728"]

1.d4 d5 2.Nf3 Nf6 3.c4 dxc4 4.Qa4+ Nbd7 5.e3 e6 6.Bxc4 c5 7.O-O b6 8.dxc5 Bxc5
9.b4 Be7 10.Ne5 Qc7 11.Bb2 O-O 12.Nc6 Bxb4 13.Rc1 Bd6 14.Bd3 Nc5 15.Rxc5 bxc5
16.Qh4 e5 17.f4 Qxc6 18.fxe5 Bb7 19.Qh3 Bxe5 20.Bxe5 Qd5 21.Bxf6 Qxd3 22.Be7
Qd1+ 23.Kf2 Qd2+ 24.Nxd2 {#r} 1-0

[Event "It \"]
[Site "masterchessopen.com – Senden (Germany)"]
[Date "2012.10.06"]
[Round "1"]
[White "Kemper Georg (GER)"]
[Black "Karpatchev Aleksandr (RUS)"]
[Result "0-1"]
[WhiteElo "2000"]
[BlackElo "2458"]

1.d4 d5 2.Nf3 Nf6 3.c4 dxc4 4.Qa4+ Nc6 5.Qxc4 Bg4 6.Nbd2 Qd6 7.g3 Qb4 8.Qc3
Nd5 9.Qxb4 Ndxb4 10.Kd1 O-O-O 11.a3 Bxf3 12.exf3 Nd5 13.Nb3 Nb6 14.Be3 e5
15.Bh3+ Kb8 16.Kc2 exd4 17.Bf4 Bd6 18.Bxd6 Rxd6 19.Rad1 Rhd8 20.f4 Nc4 21.Rd3
Re8 22.Nxd4 Nxd4+ 23.Kc3 Ne2+ {#R} 0-1